000 00258nam a22001217a 4500
041 _aENG
100 _aSavadi.A.B
245 _aBhugole
260 _aPune
_bPragati Book
_c2000
300 _a270
650 _aCompetitive Exam
856 _uCompetitive Exam ( 35 )
999 _c970
_d970